AFC Bournemouth Current Squad - Statistics

General Stats
  • This quiz has been taken 4,801 times
    1,403 since last reset
  • The average score is 15 of 31
Answers on the Map
Answers color-coded by a green-red scale on the quiz's map according to % correct below.
 
Answer Stats
# Position Player Nation % Correct
24 FW Antoine Semenyo
92%
9 FW Evanilson
86%
19 FW Justin Kluivert
85%
1 GK Đorđe Petrović
83%
12 MF Tyler Adams
83%
5 DF Marcos Senesi
78%
Manager Andoni Iraola
72%
4 MF Lewis Cook
72%
16 MF Marcus Tavernier
71%
10 MF Ryan Christie
64%
7 MF David Brooks
62%
3 DF Adrien Truffert
61%
8 MF Alex Scott
59%
2 DF Julián Araujo
59%
26 FW Enes Ünal
58%
15 DF Adam Smith
55%
22 FW Eli Junior Kroupi
53%
18 DF Bafodé Diakité
42%
11 FW Ben Doak
42%
17 MF Amine Adli
38%
23 DF James Hill
37%
20 DF Julio Soler
23%
21 MF Romain Faivre
23%
40 GK Will Dennis
14%
44 DF Veljko Milosavljević
11%
35 DF Owen Bevan
9%
46 GK Callan McKenna
8%
45 DF Matai Akinmboni
7%
50 FW Remy Rees-Dottin
7%
49 MF Dominic Sadi
3%
43 FW Zain Silcott-Duberry
3%
No matching quizzes found
Score Distribution
Percent of People with Each Score
Percentile by Number Answered
Your Score History
You have not taken this quiz since the last reset